| 000 | 00698cam a22002533a 4500 | ||
|---|---|---|---|
| 001 | 19175 | ||
| 003 | PGUSA | ||
| 005 | 20140828083415.0 | ||
| 008 | 060904s2006||||xxu|||||s|||||000 1 eng d | ||
| 040 |
_aPGUSA _beng |
||
| 042 | _adc | ||
| 050 | 4 | _aPR | |
| 100 | 1 |
_aDuchess, _d-1897 |
|
| 245 | 1 | 2 |
_aA Little Rebel : _bA Novel _h[electronic resource] / _cDuchess |
| 260 |
_bProject Gutenberg, _c2006 |
||
| 506 | _aPublic domain in the USA. | ||
| 516 | _aElectronic text | ||
| 653 | _aYoung women -- Fiction | ||
| 653 | _aOlder men -- Fiction | ||
| 653 | _aGuardian and ward -- Fiction | ||
| 830 | 0 |
_aProject Gutenberg _v19175 |
|
| 856 | 4 | 0 | _uhttp://www.gutenberg.org/ebooks/19175 |
| 942 | _cEB | ||
| 999 |
_c248430 _d248430 |
||